Formula 1: Drivers with Most Points in One Season 1961-1990 - Statistics

General Stats
  • This quiz has been taken 443 times
  • The average score is 36 of 41
Answer Stats
Points Driver Year Team % Correct
87 Alain Prost 1988 McLaren
99%
76 Alain Prost 1989 McLaren
99%
73 Alain Prost 1985 McLaren
99%
72 Alain Prost 1986 McLaren
99%
71.5 Alain Prost 1984 McLaren
99%
71 Alain Prost 1990 Ferrari
99%
57 Alain Prost 1983 Renault
99%
90 Ayrton Senna 1988 McLaren
99%
78 Ayrton Senna 1990 McLaren
99%
60 Ayrton Senna 1989 McLaren
99%
57 Ayrton Senna 1987 Lotus
99%
55 Ayrton Senna 1986 Lotus
99%
72 Niki Lauda 1984 McLaren
95%
72 Niki Lauda 1977 Ferrari
95%
68 Niki Lauda 1976 Ferrari
95%
64.5 Niki Lauda 1975 Ferrari
95%
73 Nelson Piquet 1987 Williams
92%
69 Nelson Piquet 1986 Williams
92%
59 Nelson Piquet 1983 Brabham
92%
54 Nelson Piquet 1980 Brabham
92%
50 Nelson Piquet 1981 Brabham
92%
70 Nigel Mansell 1986 Williams
92%
61 Nigel Mansell 1987 Williams
92%
71 Jackie Stewart 1973 Tyrrell
90%
63 Jackie Stewart 1969 Matra
90%
62 Jackie Stewart 1971 Tyrrell
90%
69 James Hunt 1976 McLaren
90%
54 Jim Clark 1963 Lotus
86%
54 Jim Clark 1965 Lotus
86%
67 Alan Jones 1980 Williams
84%
61 Emerson Fittipaldi 1972 Lotus
84%
55 Emerson Fittipaldi 1973 Lotus
84%
55 Emerson Fittipaldi 1974 McLaren
84%
55 Jody Scheckter 1977 Wolf
81%
51 Jody Scheckter 1979 Ferrari
81%
64 Mario Andretti 1978 Lotus
81%
51 Denny Hulme 1967 Brabham
68%
52 Ronnie Peterson 1973 Lotus
59%
51 Ronnie Peterson 1978 Lotus
59%
52 Clay Regazzoni 1974 Ferrari
57%
53 Michele Alboreto 1985 Ferrari
53%
No matching quizzes found
Score Distribution
Percent of People with Each Score
Percentile by Number Answered
Your Score History
You have not taken this quiz